000 00531nam a22001937a 4500
005 20251108164914.0
008 250721s1991 xx 000 0 ara d
082 1 4 _a212/شري
100 1 _aالشريف، محمود
245 1 0 _aإطلاله على سورة يس /
250 _aط4.
264 1 _aالقاهره :
_bدار المعارف،
_c1991.
300 _a119ص
650 1 7 _aالقرآن الكريم
650 1 7 _aتفسير القرآن
650 1 7 _aسور القرآن
942 _2ddc
_cBK
999 _c17139
_d17139